000 01103cam a2200301 4500
001 ABS67017
008 030820n2003 000 0 eng u
035 _a(Sirsi) u123317
100 _aBromley, R.
245 _aImpact of environmental improvements on town centre regeneration
260 _c2003
490 _aTown Planning Review
_v74(2) April 2003, 143-164(22)
520 _aExplores the effects of environmental improvements on town centre regeneration in South Wales focusing on Llanelli. Uses an extensive series of questionnaire surveys targeting traders, residents and shoppers supported by interviews. Outlines the research methodology used. References.
590 _aABS
650 _aTOWN CENTRES
650 _aENVIRONMENTAL IMPROVEMENTS
650 _aPLANNING POLICY GUIDANCE NOTE SIX
650 _aPLANNING CONTROL
650 _aTOWN CENTRE MANAGEMENT
650 _aWALES
650 _aLLANELLI
650 _aPRIVATE SECTOR INVESTMENT
650 _aPUBLIC SECTOR INVESTMENT
690 _aREGENERATION
700 _aHall, M.
700 _aThomas, C.
942 _n0
999 _c73253
_d73253